[Event "Masdenverge op 6th"]
[Site "Masdenverge"]
[Date "2017.07.02"]
[Round "7"]
[White "Accensi Estrada, Miguel Angel"]
[Black "Asensio Linan, Teodoro"]
[Result "1-0"]
[WhiteElo "2159"]
[BlackElo "2104"]
[PlyCount "67"]
[EventDate "2017.06.30"]
[EventType "swiss"]
[EventRounds "7"]
[EventCountry "ESP"]
[SourceTitle "EXT 2019"]
[Source "ChessBase"]
[SourceDate "2018.10.10"]
[SourceVersion "1"]
[SourceVersionDate "2018.10.10"]
[SourceQuality "1"]

1. Nf3 d5 2. d4 Nf6 3. e3 g6 4. c4 Bg7 5. Nc3 0-0 6. cxd5 Nxd5 7. Bc4 Nb6 8. Bb3 Nc6 9. 0-0 e5 10. dxe5 Nxe5 11. Nxe5 Bxe5 12. Qe2 Qe7 13. e4 Be6 14. f4 Bd4+ 15. Kh1 Rfe8 16. Nb5 Bxb3 17. axb3 Bg7 18. Re1 a6 19. Nc3 Qe6 20. e5 Qxb3 21. Qf3 c6 22. Ra3 Qb4 23. Qf2 Nd7 24. Ne4 Re7 25. Rh3 Rae8 26. Bd2 Qxb2 27. Qh4 Nf8 28. Bc3 Qc2 29. Bb4 Rd7 30. Bd6 h6 31. f5 Rxe5 32. Bxe5 Rd1 33. Bxg7 Qc1 34. Bc3 1-0

[Event "Amposta Balague Memorial 3rd"]
[Site "Amposta"]
[Date "2016.08.04"]
[Round "5"]
[White "Quinza Garcia, Aitor"]
[Black "Accensi Estrada, Miguel Angel"]
[Result "1/2-1/2"]
[WhiteElo "1860"]
[BlackElo "2191"]
[PlyCount "66"]
[EventDate "2016.08.01"]
[EventType "swiss"]
[EventRounds "9"]
[EventCountry "ESP"]
[SourceTitle "CBM 173 Extra"]
[Source "ChessBase"]
[SourceDate "2016.08.29"]
[SourceVersion "1"]
[SourceVersionDate "2016.08.29"]
[SourceQuality "1"]

1. d4 Nf6 2. c4 e6 3. Nc3 d5 4. Nf3 Bb4 5. Qc2 0-0 6. Bg5 h6 7. Bh4 c5 8. e3 Nbd7 9. cxd5 exd5 10. Be2 Qa5 11. 0-0 c4 12. Rfc1 b5 13. Nd2 Bb7 14. Bf3 Rae8 15. a4 Bxc3 16. bxc3 Ne4 17. axb5 Qxb5 18. Rcb1 Qc6 19. Nxe4 dxe4 20. Bd1 Nb6 21. Qa2 Rc8 22. Bg4 Rce8 23. Qa5 g6 24. Rb5 f5 25. Rc5 Qe6 26. Be2 Bd5 27. Bg3 Rd8 28. h3 Rd7 29. Qb5 Qf7 30. Be5 Kh7 31. g4 Rc8 32. Bg3 Be6 33. Qa5 Qe7 1/2-1/2

[Event "Amposta Balague Memorial 3rd"]
[Site "Amposta"]
[Date "2016.08.03"]
[Round "4"]
[White "Accensi Estrada, Miguel Angel"]
[Black "Sos Andreu, Eric"]
[Result "0-1"]
[WhiteElo "2191"]
[BlackElo "2369"]
[PlyCount "40"]
[EventDate "2016.08.01"]
[EventType "swiss"]
[EventRounds "9"]
[EventCountry "ESP"]
[SourceTitle "CBM 173 Extra"]
[Source "ChessBase"]
[SourceDate "2016.08.29"]
[SourceVersion "1"]
[SourceVersionDate "2016.08.29"]
[SourceQuality "1"]

1. Nf3 c5 2. c4 Nc6 3. Nc3 g6 4. g3 Bg7 5. Bg2 e6 6. e3 Nge7 7. 0-0 Nf5 8. a3 0-0 9. Rb1 d5 10. cxd5 exd5 11. d4 cxd4 12. Nxd4 Nfxd4 13. exd4 Bf5 14. Ra1 Nxd4 15. Be3 Nc2 16. g4 d4 17. Bf4 dxc3 18. gxf5 Nxa1 19. Qxa1 cxb2 20. Qb1 Qd7 0-1

[Event "Amposta Balague Memorial 1st"]
[Site "Amposta"]
[Date "2014.07.27"]
[Round "7"]
[White "Bru Rullo, Llatzer"]
[Black "Accensi Estrada, Miguel Angel"]
[Result "1/2-1/2"]
[WhiteElo "2152"]
[BlackElo "2193"]
[PlyCount "78"]
[EventDate "2014.07.24"]
[EventType "swiss"]
[EventRounds "7"]
[EventCountry "ESP"]
[SourceTitle "CBM 161 Extra"]
[Source "ChessBase"]
[SourceDate "2014.08.29"]
[SourceVersion "1"]
[SourceVersionDate "2014.08.29"]
[SourceQuality "1"]

1. e4 b6 2. d4 Bb7 3. Nc3 e6 4. Bd3 c5 5. dxc5 Bxc5 6. Qe2 Nc6 7. Nf3 a6 8. 0-0 b5 9. Be3 Qb6 10. Bxc5 Qxc5 11. Rfe1 Nge7 12. e5 d5 13. exd6 Qxd6 14. Rad1 Qc7 15. Bxb5 axb5 16. Nxb5 Qb6 17. Nd6+ Kf8 18. Ng5 Nd4 19. Qh5 g6 20. Qh6+ Kg8 21. Ndxf7 Nef5 22. Qh3 h6 23. c3 hxg5 24. Qxh8+ Kxf7 25. Qh7+ Kf6 26. cxd4 Nxd4 27. Rxd4 Qxd4 28. Qxb7 Rxa2 29. Qb8 Kg7 30. Qb7+ Kh6 31. Qf7 Rxb2 32. h3 Qf4 33. Qxf4 gxf4 34. Rxe6 Kg5 35. f3 Kh5 36. Kh2 g5 37. Rf6 Rb4 38. Rd6 Rc4 39. h4 gxh4 1/2-1/2

[Event "Amposta Balague Memorial 1st"]
[Site "Amposta"]
[Date "2014.07.25"]
[Round "3"]
[White "Accensi Estrada, Miguel Angel"]
[Black "Reig Albero, Ferran"]
[Result "1-0"]
[WhiteElo "2193"]
[BlackElo "2092"]
[PlyCount "91"]
[EventDate "2014.07.24"]
[EventType "swiss"]
[EventRounds "7"]
[EventCountry "ESP"]
[SourceTitle "CBM 161 Extra"]
[Source "ChessBase"]
[SourceDate "2014.08.29"]
[SourceVersion "1"]
[SourceVersionDate "2014.08.29"]
[SourceQuality "1"]

1. c4 Nf6 2. Nc3 e6 3. e4 c5 4. e5 Ng8 5. d4 cxd4 6. Qxd4 Nc6 7. Qe4 d6 8. f4 dxe5 9. fxe5 Bb4 10. Nf3 Nge7 11. Bd2 Nf5 12. 0-0-0 Qb6 13. Bd3 Bd7 14. g4 Bxc3 15. Bxc3 Qe3+ 16. Nd2 Qxe4 17. Nxe4 Nh6 18. Nd6+ Ke7 19. Rhf1 Rhf8 20. h3 f5 21. gxf5 Nxf5 22. Nxb7 g6 23. Be4 Ne3 24. Rxf8 Rxf8 25. Re1 Rf1 26. Rxf1 Nxf1 27. b4 Ng3 28. Bd3 Nf5 29. b5 Ncd4 30. a4 g5 31. c5 h5 32. Bxf5 Ne2+ 33. Kd2 Nxc3 34. Bc2 Nd5 35. c6 Be8 36. Nd6 g4 37. h4 a6 38. Nxe8 Kxe8 39. Bg6+ Kd8 40. Bxh5 g3 41. Bf3 axb5 42. axb5 Nf4 43. Ke3 Ng6 44. h5 Nxe5 45. Kf4 Nf7 46. b6 1-0

[Event "Amposta Balague Memorial 1st"]
[Site "Amposta"]
[Date "2014.07.24"]
[Round "2"]
[White "Rodon Balcells, Jaume"]
[Black "Accensi Estrada, Miguel Angel"]
[Result "0-1"]
[WhiteElo "1810"]
[BlackElo "2193"]
[PlyCount "78"]
[EventDate "2014.07.24"]
[EventType "swiss"]
[EventRounds "7"]
[EventCountry "ESP"]
[SourceTitle "CBM 161 Extra"]
[Source "ChessBase"]
[SourceDate "2014.08.29"]
[SourceVersion "1"]
[SourceVersionDate "2014.08.29"]
[SourceQuality "1"]

1. e4 b6 2. d4 Bb7 3. d5 e6 4. c4 Qh4 5. Bd3 Bc5 6. Qe2 e5 7. a3 a5 8. Nc3 Na6 9. g3 Qe7 10. f4 d6 11. Nf3 Nf6 12. fxe5 dxe5 13. Bg5 h6 14. Bxf6 Qxf6 15. Rf1 Qe7 16. Nh4 g6 17. Qf3 0-0 18. Ng2 Bd4 19. Na4 Bc8 20. Ne3 Bh3 21. Rf2 Qg5 22. Re2 Nc5 23. Nxc5 bxc5 24. Rb1 Rab8 25. g4 Qh4+ 26. Kd2 Rxb2+ 27. Rxb2 Bxb2 28. Rf2 f6 29. Bf1 Bxf1 30. Nxf1 Bd4 31. Ne3 Qg5 32. Re2 Rb8 33. Ke1 Rb3 34. Kf2 Rxa3 35. Qg3 a4 36. h4 Qf4+ 37. Qf3 Rxe3 38. Rxe3 a3 39. Ke2 Qxe3+ 0-1

[Event "Sort op 4th"]
[Site "Sort"]
[Date "2008.06.24"]
[Round "1"]
[White "Kovalyov, Anton"]
[Black "Accensi Estrada, Miguel Angel"]
[Result "1-0"]
[WhiteElo "2525"]
[BlackElo "2170"]
[PlyCount "105"]
[EventDate "2008.06.24"]
[EventType "swiss"]
[EventRounds "10"]
[EventCountry "ESP"]
[SourceTitle "CBM 125 Extra"]
[Source "ChessBase"]
[SourceDate "2008.09.01"]
[SourceVersion "1"]
[SourceVersionDate "2008.09.01"]
[SourceQuality "1"]

1. c4 Nf6 2. Nc3 e6 3. e4 d5 4. e5 Nfd7 5. cxd5 exd5 6. d4 Nb6 7. Nf3 Be7 8. Bd3 Bg4 9. 0-0 Nc6 10. Be3 Qd7 11. Re1 f6 12. h3 Be6 13. exf6 gxf6 14. Nh4 0-0-0 15. Qh5 Kb8 16. Nf5 Bf8 17. Rac1 Nc4 18. Re2 Nd6 19. Nh4 Bxh3 20. Rd2 Bg4 21. Qxd5 Nb4 22. Qb3 Nxd3 23. Rxd3 Nf5 24. Nxf5 Bxf5 25. Rd2 Bd6 26. Qb5 Rhg8 27. Qxd7 Bxd7 28. d5 Rg4 29. f3 Bf4 30. Bxf4 Rxf4 31. Re1 h5 32. Re7 h4 33. Rde2 Kc8 34. Ne4 h3 35. Nc5 b6 36. Ne6 Bxe6 37. dxe6 hxg2 38. Kxg2 Rf5 39. Rc2 Rc5 40. Rxc5 bxc5 41. Kg3 Kb7 42. Rf7 Rd2 43. e7 Re2 44. Kg4 Kc6 45. Kf5 Kd7 46. Kxf6 Re6+ 47. Kg7 c4 48. f4 Re2 49. f5 Rxb2 50. f6 c3 51. Rf8 Re2 52. Rd8+ Kc6 53. Rd3 1-0

[Event "Torredembarra op 8th"]
[Site "Torredembarra"]
[Date "2006.07.12"]
[Round "5"]
[White "Accensi Estrada, Miguel Angel"]
[Black "Rofes Barcelo, Josep Maria"]
[Result "1-0"]
[WhiteElo "2128"]
[BlackElo "2113"]
[PlyCount "51"]
[EventDate "2006.07.08"]
[EventType "swiss"]
[EventRounds "9"]
[EventCountry "ESP"]
[SourceTitle "EXT 2019"]
[Source "ChessBase"]
[SourceDate "2018.10.10"]
[SourceVersion "1"]
[SourceVersionDate "2018.10.10"]
[SourceQuality "1"]

1. e4 e6 2. d3 d5 3. Nd2 Nf6 4. g3 Be7 5. Bg2 c5 6. Ngf3 Nc6 7. 0-0 0-0 8. Re1 Qc7 9. c3 dxe4 10. dxe4 e5 11. Qc2 h6 12. Nc4 Be6 13. Ne3 Bd6 14. Nh4 Ne7 15. Nef5 Nxf5 16. Nxf5 Bxf5 17. exf5 Rad8 18. Qa4 c4 19. Qxa7 Ng4 20. Qxb7 Qxb7 21. Bxb7 Bc5 22. Rf1 Rd6 23. Bf3 Nf6 24. Re1 e4 25. Be2 Rfd8 26. Bf4 1-0

[Event "Torredembarra op 8th"]
[Site "Torredembarra"]
[Date "2006.07.10"]
[Round "3"]
[White "Accensi Estrada, Miguel Angel"]
[Black "Capo Vidal, Uriel"]
[Result "1/2-1/2"]
[WhiteElo "2128"]
[BlackElo "2357"]
[PlyCount "71"]
[EventDate "2006.07.08"]
[EventType "swiss"]
[EventRounds "9"]
[EventCountry "ESP"]
[SourceTitle "EXT 2019"]
[Source "ChessBase"]
[SourceDate "2018.10.10"]
[SourceVersion "1"]
[SourceVersionDate "2018.10.10"]
[SourceQuality "1"]

1. Nf3 d5 2. d4 Nf6 3. e3 Bf5 4. b3 e6 5. Bb2 Nbd7 6. Be2 Ne4 7. 0-0 Bg6 8. c4 c6 9. Nc3 f5 10. Ne5 Bd6 11. f4 Ndf6 12. c5 Bc7 13. b4 0-0 14. a4 Be8 15. Ra3 Kh8 16. Kh1 Rg8 17. Rb3 g5 18. Bf3 Nxc3 19. Bxc3 g4 20. Be2 g3 21. h3 Bxe5 22. fxe5 Ne4 23. Be1 Qh4 24. Rf4 Qh6 25. Bf3 a6 26. Kg1 Rd8 27. Rb2 Rd7 28. b5 axb5 29. axb5 cxb5 30. Rxb5 Rdg7 31. Ra5 Bc6 32. Qa1 Ng5 33. Qa2 Be8 34. Qe2 Bc6 35. Ra2 Ne4 36. Ra7 1/2-1/2

[Event "Tarragona-ch"]
[Site "Tarragona"]
[Date "2003.??.??"]
[Round "8"]
[White "Accensi Estrada, Miguel Angel"]
[Black "Terreu Serra, Francesco"]
[Result "1-0"]
[WhiteElo "2265"]
[BlackElo "2135"]
[PlyCount "88"]
[EventDate "2003.??.??"]
[EventType "swiss"]
[EventRounds "9"]
[EventCountry "ESP"]
[SourceTitle "EXT 2007"]
[Source "ChessBase"]
[SourceDate "2006.11.23"]
[SourceVersion "1"]
[SourceVersionDate "2006.11.23"]
[SourceQuality "1"]

1. Nf3 g6 2. g3 Bg7 3. Bg2 e5 4. 0-0 d6 5. d4 exd4 6. Nxd4 Ne7 7. c3 Nbc6 8. Bg5 0-0 9. Nxc6 bxc6 10. Qd2 Rb8 11. Na3 f6 12. Bf4 Bb7 13. e4 c5 14. Rfe1 Nc6 15. Bh6 Bxh6 16. Qxh6 Ne5 17. Rad1 Qd7 18. Qe3 Qa4 19. f4 Nc4 20. Nxc4 Qxc4 21. b3 Qe6 22. Rd2 Rbe8 23. Rde2 Ba6 24. c4 Bb7 25. Qc3 Qd7 26. Qd3 Rd8 27. e5 Bxg2 28. e6 Qe7 29. Kxg2 f5 30. Qd5 Rb8 31. Qc6 Rb6 32. Qd7 Re8 33. h4 Kf8 34. Kh3 h5 35. Qa4 Ra8 36. Qa5 Kg8 37. Re3 a6 38. a3 Rab8 39. Rb1 Kf8 40. Qc3 Kg8 41. Qe1 Kf8 42. b4 a5 43. b5 Ra8 44. Qh1 Kg7 1-0

[Event "Tarragona-ch"]
[Site "Tarragona"]
[Date "2003.??.??"]
[Round "7"]
[White "Zurano Lopez, Pedro"]
[Black "Accensi Estrada, Miguel Angel"]
[Result "1-0"]
[WhiteElo "2360"]
[BlackElo "2265"]
[PlyCount "85"]
[EventDate "2003.??.??"]
[EventType "swiss"]
[EventRounds "9"]
[EventCountry "ESP"]
[SourceTitle "EXT 2007"]
[Source "ChessBase"]
[SourceDate "2006.11.23"]
[SourceVersion "1"]
[SourceVersionDate "2006.11.23"]
[SourceQuality "1"]

1. d4 Nf6 2. c4 e6 3. Nc3 Bb4 4. Bd2 b6 5. Nf3 Bb7 6. g3 0-0 7. Bg2 d6 8. a3 Bxc3 9. Bxc3 Ne4 10. Rc1 Nd7 11. Qc2 Nxc3 12. Qxc3 Be4 13. 0-0 Qe7 14. Rfd1 c6 15. Bh3 Rac8 16. Nd2 Bg6 17. b4 f5 18. e3 e5 19. c5 bxc5 20. dxc5 d5 21. Nb3 Bh5 22. Rd2 Bf3 23. Bg2 Bxg2 24. Kxg2 g5 25. b5 Qf7 26. bxc6 Rxc6 27. Qd3 Re6 28. c6 Nb6 29. c7 f4 30. exf4 gxf4 31. Qf3 e4 32. Qxf4 Qh5 33. Qe3 Nc4 34. Rxc4 Qf3+ 35. Qxf3 exf3+ 36. Kf1 dxc4 37. Rd8 Rc6 38. Rxf8+ Kxf8 39. Nd4 Rxc7 40. Ne6+ Ke7 41. Nxc7 Kd6 42. Nb5+ Kc5 43. Nxa7 1-0

[Event "Tortosa op"]
[Site "Tortosa"]
[Date "1996.07.09"]
[Round "5"]
[White "Sanchez Bernardino, Miguel Angel"]
[Black "Accensi Estrada, Miguel Angel"]
[Result "1/2-1/2"]
[WhiteElo "2025"]
[BlackElo "2230"]
[PlyCount "105"]
[EventDate "1996.07.05"]
[EventType "swiss"]
[EventRounds "9"]
[EventCountry "ESP"]
[SourceTitle "EXT 2003"]
[Source "ChessBase"]
[SourceDate "2002.11.25"]
[SourceVersion "1"]
[SourceVersionDate "2002.11.25"]
[SourceQuality "1"]

1. e4 c6 2. d4 d5 3. Nc3 dxe4 4. Nxe4 Nd7 5. Bc4 Ngf6 6. Ng5 e6 7. Ne2 Nb6 8. Bb3 h6 9. Nf3 a5 10. c3 Bd6 11. Bf4 0-0 12. Qc1 Bxf4 13. Nxf4 Qc7 14. 0-0 a4 15. Bc2 Nbd5 16. Nd3 b6 17. c4 Ne7 18. Qe3 Rd8 19. Rfd1 Ra5 20. Qf4 Qxf4 21. Nxf4 Bb7 22. Nd3 c5 23. Nde1 g6 24. dxc5 Rxd1 25. Rxd1 Rxc5 26. Bxa4 Rxc4 27. Bb3 Rc7 28. Ne5 Ned5 29. N1d3 Kg7 30. Rc1 Rxc1+ 31. Nxc1 Ne4 32. Nd7 b5 33. Nd3 Nd2 34. Bd1 Bc8 35. N7c5 f5 36. Nb3 Nxb3 37. Bxb3 Kf6 38. f4 g5 39. g3 Nb6 40. Kf2 Bb7 41. Ke3 Be4 42. Kd4 Bxd3 43. Kxd3 e5 44. fxe5+ Kxe5 45. Bd1 g4 46. b3 b4 47. Be2 h5 48. Bf1 f4 49. gxf4+ Kxf4 50. Bg2 Ke5 51. Bh1 h4 52. Bg2 Nd5 53. Bh1 1/2-1/2

[Event "Linares Anibal op 03rd"]
[Site "Linares"]
[Date "1996.??.??"]
[Round "?"]
[White "Accensi Estrada, Miguel Angel"]
[Black "Hernandez Guerrero, Gilberto Eduardo"]
[Result "0-1"]
[WhiteElo "2200"]
[BlackElo "2555"]
[PlyCount "52"]
[EventDate "1996.01.??"]
[EventType "swiss"]
[EventRounds "10"]
[EventCountry "ESP"]
[SourceTitle "CBM 051 Extra"]
[Source "ChessBase"]
[SourceDate "1996.05.01"]
[SourceVersion "1"]
[SourceVersionDate "1996.05.01"]
[SourceQuality "1"]

1. Nf3 Nf6 2. c4 g6 3. Nc3 Bg7 4. g3 0-0 5. Bg2 d6 6. 0-0 e5 7. d3 Nc6 8. a3 Re8 9. Rb1 a5 10. h3 h6 11. b4 axb4 12. axb4 e4 13. Nxe4 Nxe4 14. dxe4 Rxe4 15. b5 Nd4 16. Nxd4 Rxd4 17. Qb3 Be6 18. Bxb7 Bxc4 19. Qf3 Ra2 20. Bb2 Bxe2 21. Qxe2 Rb4 22. Bd5 Raxb2 23. Rxb2 Rxb2 24. Qc4 Qe7 25. Rc1 Rd2 26. Rc2 Qe1+ 0-1